000 00669cam a22002053a 4500
001 34989
003 PGUSA
005 20140828083744.0
008 110117s2011||||xxu|||||s|||||000 | eng d
040 _aPGUSA
_beng
042 _adc
100 1 _aGreenleaf, Simon,
_d1783-1853
245 1 3 _aAn Examination of the Testimony of the Four Evangelists, by the Rules of Evidence administered in Courts of Justice
_h[electronic resource] /
_cSimon Greenleaf
260 _bProject Gutenberg,
_c2011
506 _aPublic domain in the USA.
516 _aElectronic text
830 0 _aProject Gutenberg
_v34989
856 4 0 _uhttp://www.gutenberg.org/ebooks/34989
942 _cEB
999 _c264244
_d264244